00154nam a2200061Ia 4500008004100000100002100041245003000062120527s9999 xx 000 0 und d aVELACOTT & SIOLE aPractice in human biology